TEXTILE TECHNOLOGY (Record no. 4515)
[ view plain ]
| 000 -LEADER | |
|---|---|
| fixed length control field | 00401nam a22001577a 4500 |
| 008 - FIXED-LENGTH DATA ELEMENTS--GENERAL INFORMATION | |
| fixed length control field | 260209b |||||||| |||| 00| 0 eng d |
| 020 ## - INTERNATIONAL STANDARD BOOK NUMBER | |
| ISBN | 9789331324498 |
| 100 ## - MAIN ENTRY--AUTHOR | |
| Author | MAHAPATRA, M.N |
| 245 ## - TITLE STATEMENT | |
| Title | TEXTILE TECHNOLOGY |
| 260 ## - PUBLICATION, DISTRIBUTION, ETC. (IMPRINT) | |
| Place of publication | NEW-DELHI |
| Name of publisher | APH Publishing Corporation |
| Date of publication | 2024 |
| 300 ## - COLLATION | |
| Pagination | xv, 254p. |
| Other physical details | illus. |
| 650 ## - TRACINGS | |
| Main Subject | Textile |
| 942 ## - ADDED ENTRY ELEMENTS (KOHA) | |
| Item type | Books |
| 050 ## - LIBRARY OF CONGRESS CALL NUMBER | |
| Classification number | TS1306.A1 |
| Item number | .M34 |
| Source of classification or shelving scheme | Not for loan | Permanent location | Current location | Date acquired | Accession No. | Barcode. | Copy number | Koha item type |
|---|---|---|---|---|---|---|---|---|
| Library of Congress Classification | Samuel Ogbemudia Main Library, University of Abuja | Samuel Ogbemudia Main Library, University of Abuja | 02/09/2026 | 2025/69273 | 2026-0002 | 1 | Books |